Normal view
MARC view
Entry Personal Name
001 - CONTROL NUMBER
- control field: 816331
003 - CONTROL NUMBER IDENTIFIER
- control field: OSt
005 - DATE AND TIME OF LATEST TRANSACTION
- control field: 20250723143654.0
008 - FIXED-LENGTH DATA ELEMENTS
- fixed length control field: 250723|| aca||aabn | a|a d
040 ## - CATALOGING SOURCE
- Original cataloging agency: OSt
- Transcribing agency: OSt
100 ## - HEADING--PERSONAL NAME
- Personal name: Kadkani, Mohammad Raza Shafie
670 ## - SOURCE DATA FOUND
- Source citation: Work cat.: (OSt)1434208: Kadkani, Mohammad Raza Shafie, Meras Irfan Iran: , 2015.
